000 00417nam a2200145 a 4500
001 15668
005 20180713204412.0
008 140415s1977 000 0 spa d
041 _aspa
082 _a658.154
_bSIS
245 0 4 _aLOS SISTEMAS ADMINISTRATIVOS Y EL PRESUPUESTO :
_bPOR PROGRAMAS
260 _a[s.l.] :
_bUNAM,
_c1977
300 _a129
650 1 4 _aADMINISTRACION FINANCIERA
_xPRESUPUESTO
999 _c15668
_d15668